[Event "Brazil Foz do Iguacu op"]
[Site "Foz do Iguacu"]
[Date "2018.05.18"]
[Round "5"]
[White "Matsuura, Everaldo"]
[Black "Pina, Ulises"]
[Result "1-0"]
[WhiteElo "2485"]
[BlackElo "2214"]
[PlyCount "59"]
[EventDate "2018.05.16"]
[EventType "swiss"]
[EventRounds "9"]
[EventCountry "BRA"]
[SourceTitle "CBM 184 Extra"]
[Source "ChessBase"]
[SourceDate "2018.06.28"]
[SourceVersion "1"]
[SourceVersionDate "2018.06.28"]
[SourceQuality "1"]

1. e4 e5 2. Nf3 Nc6 3. d4 exd4 4. Nxd4 Nge7 5. Nc3 Nxd4 6. Qxd4 Nc6 7. Qe3 Nb4 8. Qd2 Bc5 9. Bc4 0-0 10. 0-0 Nc6 11. Qf4 d6 12. Qg3 Kh8 13. Bg5 f6 14. Bf4 Ne5 15. Bb3 c6 16. Rad1 Qe7 17. Ne2 f5 18. exf5 Bxf5 19. Nd4 Qf6 20. Bg5 Qg6 21. Be7 Rfe8 22. Nxf5 Qxf5 23. Bxd6 Bb6 24. h3 Rad8 25. c4 Nf7 26. c5 Nxd6 27. cxb6 Ne4 28. Rxd8 Rxd8 29. Qc7 Rf8 30. Bc2 1-0

[Event "Brazil Foz do Iguacu op"]
[Site "Foz do Iguacu"]
[Date "2018.05.17"]
[Round "3"]
[White "Jodorcovsky Werjivker, Paulo"]
[Black "Pina, Ulises"]
[Result "1/2-1/2"]
[WhiteElo "2263"]
[BlackElo "2214"]
[PlyCount "137"]
[EventDate "2018.05.16"]
[EventType "swiss"]
[EventRounds "9"]
[EventCountry "BRA"]
[SourceTitle "CBM 184 Extra"]
[Source "ChessBase"]
[SourceDate "2018.06.28"]
[SourceVersion "1"]
[SourceVersionDate "2018.06.28"]
[SourceQuality "1"]

1. d4 Nf6 2. c4 g6 3. Nc3 d5 4. Bf4 Bg7 5. e3 c6 6. h3 0-0 7. Nf3 Bf5 8. Be2 Qb6 9. Qb3 Nbd7 10. Qxb6 axb6 11. cxd5 Nxd5 12. Nxd5 cxd5 13. g4 Be4 14. 0-0 Rfc8 15. Ne1 e5 16. dxe5 Bxe5 17. Bxe5 Nxe5 18. f3 Bc2 19. Rc1 Ba4 20. Rxc8+ Rxc8 21. b3 Bd7 22. Nd3 Nxd3 23. Bxd3 h5 24. Rd1 hxg4 25. hxg4 Kf8 26. Kf2 Ke7 27. Bb1 Ke6 28. f4 Rc3 29. g5 Rc8 30. Kg3 Rc3 31. Kf2 Rc8 32. Bd3 Rh8 33. Kg3 Ke7 34. Bf1 Be6 35. Bg2 Ra8 36. Bxd5 Rxa2 37. Bxe6 Kxe6 38. Kf3 Rb2 39. Rd3 Rc2 40. Ke4 Rc5 41. Rd4 b5 42. Kd3 Rc1 43. Re4+ Kd6 44. b4 Rd1+ 45. Kc2 Rd5 46. Rd4 Rxd4 47. exd4 Kd5 48. Kd3 b6 49. Ke3 Kc4 50. Ke4 Kxb4 51. Kd3 Ka3 52. d5 b4 53. d6 b3 54. d7 b2 55. d8Q b1Q+ 56. Ke3 Qb3+ 57. Kf2 b5 58. Qd6+ Kb2 59. Qe5+ Kb1 60. Qd6 b4 61. Qb6 Qc4 62. Qe3 b3 63. Kf3 b2 64. Qd2 Ka2 65. Kg4 Qe6+ 66. Kh4 Qb6 67. Qd5+ Ka3 68. Qd3+ Kb4 69. Qc2 1/2-1/2

[Event "Foz do Iguacu op 7th"]
[Site "Foz do Iguacu"]
[Date "2017.06.17"]
[Round "3"]
[White "Pina, Ulises"]
[Black "Nunes, Sidney Jr"]
[Result "1-0"]
[WhiteElo "2201"]
[BlackElo "2058"]
[PlyCount "43"]
[EventDate "2017.06.16"]
[EventType "swiss"]
[EventRounds "6"]
[EventCountry "BRA"]
[SourceTitle "EXT 2018"]
[Source "ChessBase"]
[SourceDate "2017.10.13"]
[SourceVersion "1"]
[SourceVersionDate "2017.10.13"]
[SourceQuality "1"]

1. e4 c5 2. c3 Nf6 3. e5 Nd5 4. Nf3 e6 5. d4 cxd4 6. cxd4 Nc6 7. Nc3 d6 8. exd6 Nxc3 9. bxc3 Bxd6 10. Bd3 Qc7 11. 0-0 b6 12. Re1 Be7 13. Bg5 Bb7 14. d5 exd5 15. Bxe7 Nxe7 16. Qa4+ Kf8 17. Qh4 a6 18. Re3 Nc6 19. Rae1 h6 20. Qh5 Rd8 21. Ng5 Bc8 22. Nxf7 1-0

[Event "Foz do Iguacu op 7th"]
[Site "Foz do Iguacu"]
[Date "2017.06.16"]
[Round "2"]
[White "Cantero, Rodolfo"]
[Black "Pina, Ulises"]
[Result "0-1"]
[WhiteElo "2036"]
[BlackElo "2201"]
[PlyCount "145"]
[EventDate "2017.06.16"]
[EventType "swiss"]
[EventRounds "6"]
[EventCountry "BRA"]
[SourceTitle "EXT 2018"]
[Source "ChessBase"]
[SourceDate "2017.10.13"]
[SourceVersion "1"]
[SourceVersionDate "2017.10.13"]
[SourceQuality "1"]

1. e4 e5 2. Nf3 Nc6 3. Bb5 Nf6 4. d3 Bc5 5. 0-0 d6 6. c3 0-0 7. Nbd2 a6 8. Ba4 b5 9. Bc2 h6 10. h3 Re8 11. Re1 d5 12. Qe2 Bb7 13. Nf1 dxe4 14. dxe4 Nh5 15. Be3 Qe7 16. Ng3 Nxg3 17. fxg3 Rad8 18. Nh4 Bxe3+ 19. Qxe3 Qg5 20. Qxg5 hxg5 21. Nf3 f6 22. Rad1 Kf8 23. h4 gxh4 24. gxh4 Rxd1 25. Bxd1 Rd8 26. Kf2 Na5 27. Bb3 Ke7 28. g4 Bc8 29. g5 Nxb3 30. axb3 c5 31. Rg1 Be6 32. gxf6+ gxf6 33. Ra1 Rd6 34. Rh1 Bxb3 35. h5 Rd1 36. Rh2 Kf7 37. h6 Rd8 38. Rh1 a5 39. Nh4 Be6 40. Ke3 a4 41. Nf3 b4 42. Rg1 Rg8 43. Ra1 Bd7 44. Nh4 Rg3+ 45. Kf2 Rh3 46. Nf5 Bxf5 47. exf5 bxc3 48. bxc3 Rxh6 49. Rxa4 Rh5 50. Ra7+ Ke8 51. Rc7 Rxf5+ 52. Ke3 Rf4 53. Rxc5 Kd7 54. Rd5+ Ke6 55. Rc5 Kd6 56. Rc8 f5 57. Rd8+ Ke7 58. Rc8 Rh4 59. Rc6 Rh3+ 60. Kd2 e4 61. Rc7+ Kd6 62. Rf7 Ke5 63. Re7+ Kf4 64. c4 Rh2+ 65. Kc3 Ke3 66. c5 Rh1 67. Kc2 Rh6 68. Re5 f4 69. Kc3 f3 70. Kc4 f2 71. Rf5 Ke2 72. Kd5 e3 73. Rxf2+ 0-1

[Event "Foz do Iguacu op 3rd"]
[Site "Foz do Iguacu"]
[Date "2015.12.11"]
[Round "2"]
[White "Gatelli, Jacson Henrique"]
[Black "Pina, Ulises"]
[Result "0-1"]
[WhiteElo "1922"]
[BlackElo "2179"]
[PlyCount "109"]
[EventDate "2015.12.11"]
[EventType "swiss"]
[EventRounds "6"]
[EventCountry "BRA"]
[SourceTitle "EXT 2017"]
[Source "ChessBase"]
[SourceDate "2016.10.25"]
[SourceVersion "1"]
[SourceVersionDate "2016.10.25"]
[SourceQuality "1"]

1. e4 e5 2. Nf3 Nc6 3. Bc4 Bc5 4. Nc3 Nf6 5. h3 0-0 6. d3 h6 7. 0-0 d6 8. a3 Be6 9. Nd5 Bxd5 10. Bxd5 Nxd5 11. exd5 Nd4 12. c3 Nxf3+ 13. Qxf3 f5 14. a4 a5 15. Be3 Bxe3 16. fxe3 Qg5 17. Rae1 Rae8 18. Kh2 e4 19. dxe4 fxe4 20. Qg4 Qxd5 21. Qd7 Qc6 22. Rxf8+ Rxf8 23. Qe6+ Kh8 24. Qe7 Rf5 25. Qe6 Rf6 26. Qe7 d5 27. Kg1 Qd6 28. Qe8+ Rf8 29. Qb5 b6 30. Rf1 Kg8 31. Rxf8+ Kxf8 32. Qf1+ Ke7 33. Qf5 Qe6 34. Qf4 Kd7 35. Qf8 Qf6 36. Qa8 Kd6 37. Qe8 Qe7 38. Qc8 Kc5 39. Qa6 Qd7 40. b3 Kd6 41. Qa8 Ke6 42. Qf8 Qe7 43. Qg8+ Kd6 44. Qa8 Qf6 45. Qe8 Qxc3 46. Qd8+ Ke6 47. Qe8+ Kf6 48. Qf8+ Kg6 49. Qf4 Qxb3 50. h4 Qd1+ 51. Kh2 Qh5 52. Kg1 Kh7 53. g4 Qxh4 54. g5 hxg5 55. Qxc7 0-1

[Event "Ciudad del Este"]
[Site "Ciudad del Este"]
[Date "2015.09.16"]
[Round "13"]
[White "Pina, Ulises"]
[Black "Quiroga, Facundo"]
[Result "1/2-1/2"]
[WhiteElo "2195"]
[BlackElo "2246"]
[PlyCount "31"]
[EventDate "2015.09.10"]
[EventType "tourn"]
[EventRounds "14"]
[EventCountry "PAR"]
[EventCategory "2"]
[SourceTitle "EXT 2016"]
[Source "ChessBase"]
[SourceDate "2015.10.08"]
[SourceVersion "1"]
[SourceVersionDate "2015.10.08"]
[SourceQuality "1"]

1. e4 c5 2. b3 Nc6 3. Bb2 e6 4. Nf3 d6 5. d4 cxd4 6. Nxd4 Nxd4 7. Qxd4 Nf6 8. Bb5+ Bd7 9. Bxd7+ Qxd7 10. Nd2 Be7 11. 0-0 0-0 12. c4 Qc6 13. Rac1 Rfd8 14. Rfd1 a6 15. a4 Rac8 16. f3 1/2-1/2

[Event "Ciudad del Este"]
[Site "Ciudad del Este"]
[Date "2015.09.13"]
[Round "6"]
[White "Quiroga, Facundo"]
[Black "Pina, Ulises"]
[Result "1/2-1/2"]
[WhiteElo "2246"]
[BlackElo "2195"]
[PlyCount "48"]
[EventDate "2015.09.10"]
[EventType "tourn"]
[EventRounds "14"]
[EventCountry "PAR"]
[EventCategory "2"]
[SourceTitle "EXT 2016"]
[Source "ChessBase"]
[SourceDate "2015.10.08"]
[SourceVersion "1"]
[SourceVersionDate "2015.10.08"]
[SourceQuality "1"]

1. d4 Nf6 2. c4 g6 3. Nc3 d5 4. Nf3 Bg7 5. Qb3 dxc4 6. Qxc4 0-0 7. e4 Na6 8. Be2 c5 9. d5 e6 10. 0-0 exd5 11. exd5 Re8 12. Rd1 Bf5 13. Bg5 Qa5 14. Na4 Qb4 15. Qxb4 Nxb4 16. Bb5 Bd7 17. Bxd7 Nxd7 18. a3 Nc2 19. Rac1 Nd4 20. Nxd4 Bxd4 21. Kf1 Re5 22. Be3 Rxd5 23. Bxd4 cxd4 24. Nc3 Rc5 1/2-1/2

[Event "Rawson op 31th"]
[Site "Rawson"]
[Date "2014.02.01"]
[Round "4.1"]
[White "Diaz Hollemaert, Nahuel Carlos"]
[Black "Pina, Ulises"]
[Result "1-0"]
[WhiteElo "2436"]
[BlackElo "2256"]
[PlyCount "33"]
[EventDate "2014.01.31"]
[EventType "swiss"]
[EventRounds "7"]
[EventCountry "ARG"]
[SourceTitle "EXT 2024"]
[Source "ChessBase"]
[SourceDate "2023.10.10"]
[SourceVersion "1"]
[SourceVersionDate "2023.10.10"]
[SourceQuality "1"]

1. c4 Nf6 2. Nc3 d5 3. cxd5 Nxd5 4. Nf3 c5 5. e4 Nxc3 6. bxc3 g6 7. h4 Bg7 8. h5 Nc6 9. Bb5 Bd7 10. Qe2 0-0 11. hxg6 hxg6 12. Qe3 Nd4 13. cxd4 Bxb5 14. Bb2 e6 15. Rb1 Bc6 16. dxc5 Bxb2 17. Qh6 1-0

[Event "Buenos Aires Duchamp op 1st"]
[Site "Buenos Aires"]
[Date "2011.09.14"]
[Round "3"]
[White "Echeguren, Gustavo Fabian"]
[Black "Pina, Ulises"]
[Result "0-1"]
[WhiteElo "2041"]
[BlackElo "2314"]
[PlyCount "55"]
[EventDate "2011.09.12"]
[EventType "swiss"]
[EventRounds "9"]
[EventCountry "ARG"]
[SourceTitle "CBM 144 Extra"]
[Source "ChessBase"]
[SourceDate "2011.10.28"]
[SourceVersion "1"]
[SourceVersionDate "2011.10.28"]
[SourceQuality "1"]

1. Nf3 Nf6 2. c4 g6 3. g3 Bg7 4. Bg2 0-0 5. 0-0 d5 6. cxd5 Nxd5 7. Nc3 c5 8. Nxd5 Qxd5 9. d3 Nc6 10. Be3 Bxb2 11. Rb1 Bf6 12. Qa4 Qd6 13. Rfc1 Nd4 14. Nxd4 cxd4 15. Bh6 Rd8 16. Bxb7 Bxb7 17. Rxb7 Qe6 18. Rxa7 Rxa7 19. Qxa7 Qxe2 20. Qa6 Qg4 21. Rc6 Qh3 22. Rxf6 Qxh6 23. Rf4 Qh5 24. Qc4 Qd5 25. Qxd5 Rxd5 26. Re4 e5 27. f4 exf4 28. Rxf4 0-1

[Event "Villa Ballester Verano op 59th"]
[Site "Villa Ballester"]
[Date "2009.01.23"]
[Round "3"]
[White "Pina, Ulises"]
[Black "Koch, Juan Enrique"]
[Result "1/2-1/2"]
[WhiteElo "2302"]
[BlackElo "2052"]
[PlyCount "70"]
[EventDate "2009.01.06"]
[EventType "swiss"]
[EventRounds "9"]
[EventCountry "ARG"]
[SourceTitle "CBM 128 Extra"]
[Source "ChessBase"]
[SourceDate "2009.03.05"]
[SourceVersion "2"]
[SourceVersionDate "2009.03.25"]
[SourceQuality "1"]

1. e4 e5 2. Nf3 Nc6 3. Nc3 Nf6 4. d4 exd4 5. Nxd4 Bb4 6. Nxc6 bxc6 7. Bd3 0-0 8. 0-0 d5 9. exd5 cxd5 10. Bg5 c6 11. Na4 h6 12. Bh4 Be7 13. c4 d4 14. Re1 Bg4 15. f3 Be6 16. Bb1 Qa5 17. Qd3 g5 18. Bf2 Rfe8 19. Bc2 Rad8 20. a3 Bd6 21. c5 Bf4 22. b4 Qb5 23. g3 Qxd3 24. Bxd3 Be3 25. Nb2 Bd5 26. Bxe3 dxe3 27. Be2 Bb3 28. Nc4 Bxc4 29. Bxc4 Rd2 30. Re2 Rxe2 31. Bxe2 Nd5 32. Bc4 Re5 33. Kf1 f5 34. Rc1 f4 35. Ke2 Kf8 1/2-1/2

[Event "Villa Ballester op 54th"]
[Site "Villa Ballester"]
[Date "2004.01.18"]
[Round "9"]
[White "Pina, Ulises"]
[Black "De Dovitiis, Alejo"]
[Result "1/2-1/2"]
[WhiteElo "2263"]
[BlackElo "2368"]
[PlyCount "201"]
[EventDate "2004.01.07"]
[EventType "swiss"]
[EventRounds "9"]
[EventCountry "ARG"]
[SourceTitle "CBM 098 Extra"]
[Source "ChessBase"]
[SourceDate "2004.03.10"]
[SourceVersion "2"]
[SourceVersionDate "2004.03.10"]
[SourceQuality "1"]

1. Nf3 c5 2. c4 Nf6 3. Nc3 Nc6 4. d4 cxd4 5. Nxd4 Qb6 6. Nc2 e6 7. e3 Be7 8. Be2 0-0 9. 0-0 a6 10. b3 d5 11. cxd5 exd5 12. Bb2 Rd8 13. Na4 Qc7 14. Nd4 Ne4 15. Rc1 Qd6 16. Nxc6 bxc6 17. Bd4 Qg6 18. Bh5 Qh6 19. Nc5 Bd6 20. f4 Nxc5 21. Bxc5 Bf5 22. Bf3 a5 23. Bd4 Qg6 24. Bb6 Rdc8 25. Bc5 Bc7 26. Rc3 Bd8 27. Qd2 h5 28. Rfc1 h4 29. Bd4 Qe6 30. Bd1 h3 31. Bc2 Bg4 32. gxh3 Bxh3 33. Qf2 c5 34. Rxc5 Rxc5 35. Bxc5 Rc8 36. f5 Qh6 37. Bd4 Qg5+ 38. Qg3 Qxg3+ 39. hxg3 Bxf5 40. Bxf5 Rxc1+ 41. Kf2 g6 42. Bd3 f5 43. g4 fxg4 44. Bxg6 Bf6 45. Bxf6 Rc6 46. Bd8 Rxg6 47. Bxa5 Rf6+ 48. Kg3 Rf3+ 49. Kxg4 Rxe3 50. Bb6 Re2 51. a4 d4 52. Kf3 d3 53. a5 Rb2 54. Ke3 Rxb3 55. Bd4 Ra3 56. a6 Kf7 57. a7 Ke6 58. a8Q Rxa8 59. Kxd3 Kd5 60. Bb2 Rb8 61. Kc3 Rb7 62. Ba3 Rh7 63. Bb2 Rh3+ 64. Kb4 Rf3 65. Bc3 Rf7 66. Bd2 Rb7+ 67. Kc3 Rc7+ 68. Kb4 Kd4 69. Kb5 Rc2 70. Bh6 Kd5 71. Kb4 Rc4+ 72. Kb3 Kc5 73. Be3+ Kb5 74. Bd2 Rc6 75. Be1 Re6 76. Bd2 Re4 77. Kc3 Kc5 78. Kd3 Kd5 79. Kc3 Rh4 80. Be1 Rf4 81. Bd2 Rg4 82. Bh6 Rg6 83. Bd2 Rc6+ 84. Kb4 Rc2 85. Bc3 Rc1 86. Bd2 Rb1+ 87. Kc3 Ke4 88. Bh6 Rb7 89. Bf8 Rc7+ 90. Kd2 Kd4 91. Bh6 Rh7 92. Be3+ Ke4 93. Bb6 Rh3 94. Bc5 Rd3+ 95. Kc2 Rd8 96. Be7 Rd7 97. Bf6 Rc7+ 98. Kd2 Rf7 99. Bg5 Rg7 100. Bh6 Rg6 101. Bf8 1/2-1/2